00401nam a2200121Ia 4500008004100000024003000041082001900071100003200090245007300122260002500195600002100220650003800241250506s9999 xx 000 0 und d a04B-53-BS & 04B-51-BS a658.314072 FAR aFarahan Ahmed & Hisham Riaz 0aWeb Based I.T Management System For Alkaram Textile Mills (PVT) LTD. aKarachi:bUIT,c2004 aComputer Science aBachelor of Computer Science (BS)